Provinces of Iran With a Map - Statistics

General Stats
  • This quiz has been taken 75 times
  • The average score is 20 of 31
Answers on the Map
Answers color-coded by a green-red scale on the quiz's map according to % correct below.
 
Answer Stats
Provinces % Correct
Tehran
96%
East Azerbaijan
85%
Sistan and Baluchestan
85%
Kurdistan
83%
West Azerbaijan
83%
Isfahan
78%
Fars
76%
Qom
74%
Kerman
72%
North Khorasan
72%
South Khorasan
72%
Khuzestan
70%
Yazd
67%
Lorestan
63%
Mazandaran
63%
Ilam
59%
Kermanshah
59%
Razavi Khorasan
59%
Ardabil
57%
Alborz
54%
Gilan
54%
Golestan
54%
Hormozgan
54%
Semnan
52%
Hamadan
48%
Qazvin
48%
Bushehr
46%
Chaharmahal and Bakhtiari
46%
Kohgiluyeh and Boyer-Ahmad
43%
Zanjan
43%
Markazi
41%
No matching quizzes found
Score Distribution
Percent of People with Each Score
Percentile by Number Answered
Your Score History
You have not taken this quiz